Belle's royal wedding.
Belle's wedding day is just days away and she and her prince are preparing the castle to make sure their wedding is a very special celebration.
Record details
- ISBN: 9781484716816
- ISBN: 1484716817
- Physical Description: 1 volume (unpaged) color illustrations 20 cm.
- Edition: First edition.
- Publisher: Glendale, California : Disney Press, [2014]
Content descriptions
| General Note: | Published by Disney Press, an imprint of Disney Book Group. |
Search for related items by subject
| Subject: | Princesses > Juvenile fiction. Weddings > Juvenile fiction. |
| Genre: | Fiction. Juvenile works. |
Search for related items by series
Available copies
- 1 of 1 copy available at scottsboropl.
Holds
- 0 current holds with 1 total copy.
Show Only Available Copies
| Location | Call Number / Copy Notes | Barcode | Shelving Location | Status | Due Date |
|---|---|---|---|---|---|
| scottsboropl | JF Dis | 32269001115123 | Juvenile - Fiction | Available | - |
| LDR | 01558cam a2200409Mi 4500 | ||
|---|---|---|---|
| 001 | 163104 | ||
| 003 | SBPL | ||
| 005 | 20240422113255.0 | ||
| 008 | 160302s2014 caua j 000 1 eng d | ||
| 020 | . | ‡a9781484716816 ‡q(hc.) | |
| 020 | . | ‡a1484716817 | |
| 035 | . | ‡a(OCoLC)1303718795 ‡z(OCoLC)1103712893 | |
| 082 | 0 | 4. | ‡a[E] ‡223 |
| 100 | 0 | . | ‡aDisney princess |
| 245 | 0 | 0. | ‡aBelle's royal wedding. |
| 250 | . | ‡aFirst edition. | |
| 264 | 1. | ‡aGlendale, California : ‡bDisney Press, ‡c[2014] | |
| 300 | . | ‡a1 volume (unpaged) ‡bcolor illustrations ‡c20 cm. | |
| 336 | . | ‡atext ‡btxt ‡2rdacontent | |
| 337 | . | ‡aunmediated ‡bn ‡2rdamedia | |
| 338 | . | ‡avolume ‡bnc ‡2rdacarrier | |
| 380 | . | ‡aFiction ‡2marcgt | |
| 490 | 1 | . | ‡aDisney princess |
| 500 | . | ‡aPublished by Disney Press, an imprint of Disney Book Group. | |
| 520 | . | ‡aBelle's wedding day is just days away and she and her prince are preparing the castle to make sure their wedding is a very special celebration. | |
| 650 | 0. | ‡aPrincesses ‡vJuvenile fiction. | |
| 650 | 0. | ‡aWeddings ‡vJuvenile fiction. | |
| 655 | 7. | ‡aFiction. ‡2fast ‡0(OCoLC)fst01423787 | |
| 655 | 7. | ‡aJuvenile works. ‡2fast ‡0(OCoLC)fst01411637 | |
| 830 | 0. | ‡aDisney princess (Disney Press) | |
| 901 | . | ‡a163104 ‡bAUTOGEN ‡c163104 ‡tbiblio | |